Statistiques concernant Pays produisant le plus de gingembre

Cliquez ici pour prendre le quiz!

Statistiques générales

  • Ce quiz a été pris 62 fois
  • Le résultat moyen est 10 sur 20

Statistiques - réponses

1000 tonnespays% Correct
557Chine
95%
51Japon
93%
1070Inde
91%
217Indonésie
86%
5Corée du Sud
84%
167Thaïlande
81%
14Malaisie
70%
27Philippines
63%
77Bangladesh
61%
16Sri Lanka
60%
26Taïwan
53%
280Népal
51%
6Bhoutan
39%
350Nigeria
26%
11Éthiopie
23%
38Mali
21%
4Pérou
21%
92Cameroun
18%
7Côte d'Ivoire
9%
8Fidji
5%

Distribution des résultats

Percentile par nombre de réponses

% des personnes avec chaque résultat

Votre développement - résultats

Vous n’avez pas pris ce quiz